00873cam a2200241 a 4500001000700000003000300007005001700010008004100027010001700068020001500085040003000100050002800130100005600158245003800214250002700252260004000279300002100319490005200340650005200392650004500444655002800489800011400517433615LC20160223115657.0811031t19811965maubf 000 1 eng  a 81166148  a0395312663 aDLCcDLCdDLCdOCoLCdDLC00aPR 6039.O32b.T649 19541 aTolkien, J. R. R.q(John Ronald Reuel),d1892-1973.14aThe two towers :cJ.R.R. Tolkien. aSilver anniversary ed. aBoston :bHoughton Mifflin,cc1954. a725 p. :c23 cm.1 aThe Lord of the rings / J.R.R. Tolkien ;vpt. 2 0aBaggins, Frodo (Fictitious character)xFiction. 0aMiddle Earth (Imaginary place)xFiction. 7aFantasy fiction.2gsafd1 aTolkien, J. R. R.q(John Ronald Reuel),d1892-1973.tLord of the rings (Silver anniversary edition) ;vpt. 2.